Basic econometrics / (Record no. 739)
[ view plain ]
| 000 -LEADER | |
|---|---|
| fixed length control field | 01866cam a2200181 a 4500 |
| 020 ## - INTERNATIONAL STANDARD BOOK NUMBER | |
| ISBN | 0070252149 (alk. paper) |
| 020 ## - INTERNATIONAL STANDARD BOOK NUMBER | |
| ISBN | 007113963X (alk. paper : International ed.) |
| 050 00 - CALL NUMBER | |
| Classification number | HB139 |
| Item number | .G84 |
| 100 1# - AUTHOR | |
| Personal name | Gujarati, Damodar N. |
| 245 10 - TITLE | |
| Title | Basic econometrics / |
| Statement of responsibility, etc | Damodar N. Gujarati. |
| 250 ## - EDITION | |
| Edition statement | 3rd ed. |
| 260 ## - PUBLICATION INFORMATION | |
| Place of publication | New York : |
| Name of publisher | McGraw-Hill, |
| Year of publication | c1995. |
| 300 ## - DESCRIPTION | |
| Number of Pages | xxiii, 838 p. : |
| Other physical details | ill. ; |
| Dimensions | 25 cm. |
| 500 ## - NOTES | |
| General note | "International edition"-- Verso of t.p. |
| 505 ## - FORMATTED CONTENTS NOTE | |
| Table of Content | Introduction --<br/>Nature of regression analysis --<br/>Two-variable regression analysis : some basic ideas --<br/>Two-variable regression model: the problem of estimation --<br/>Classical normal linear regression model --<br/>Two-variable regression: interval estimation and hypothesis testing --<br/>Extensions of the two-variable linear regression model --<br/>Multiple regression analysis : the problem of estimation --<br/>Multiple regression analysis : the problem of inference --<br/>Dummy variable regression model --<br/>Multicollinearity : what happens in the regressors are correlated? --<br/>Heteroscedasticity: what happens if the error variance is nonconstant? --<br/>Autocorrelation: what happens if the error terms are correlated? --<br/>Economic modeling: model specification and diagnostic testing --<br/>Nonlinear regression models --<br/>Qualitative response regression models --<br/>Panel data regression models --<br/>Dynamic econometric models : autoregressive and distributed-lag models --<br/>Simultaneous-equation models --<br/>Identification problem --<br/>Simultaneous-equation methods --<br/>Time series econometrics : some basic concepts --<br/>Time series econometrics : forecasting --<br/>Appendix A : a review of some statistical concepts --<br/>Appendix B : rudiments of matrix algebra --<br/>Appendix C : matrix approach to linear regression model --<br/>Appendix D : statistical tables -- |
| 650 #0 - SUBJECTS | |
| Topical Term | Econometrics. |
| 942 ## - ADDED ENTRY ELEMENTS (KOHA) | |
| Koha item type | Books |
| Withdrawn status | Lost status | Collection code | Home library | Current library | Shelving location | Date acquired | Full call number | Accession Number | Copy number | Koha item type |
|---|---|---|---|---|---|---|---|---|---|---|
| Reference | Methodist University Library Main | Methodist University Library Main | General Stacks | HB139 .G84 | 37897 | 1 | Books |